Soccer players' debut clubs - Statistics

General Stats
  • This quiz has been taken 216 times
  • The average score is 13 of 26
Answer Stats
Player Club % Correct
Cristiano Ronaldo Sporting Lisbon
98%
Paul Pogba Manchester United
75%
Zlatan Ibrahimovic Malmo FF
72%
Karim Benzema Olympique Lyon
72%
Francesco Totti AS Roma
70%
Manuel Neuer Schalke 04
68%
Wesley Sneijder Ajax
62%
Gianluigi Buffon Parma
62%
Eden Hazard Lille
60%
Daniel Sturridge Manchester City
60%
Thierry Henry AS Monaco
57%
Gareth Bale Southampton
57%
Romelu Lukaku Anderlecht
53%
David Silva Valencia
51%
Andriy Shevchenko Dynamo Kiev
45%
Xabi Alonso Real Sociedad
45%
Xherdan Shaqiri Basel
44%
Luka Modric Dinamo Zagreb
39%
Gary Cahill Aston Villa
37%
Lukas Podolski FC Koln
35%
James Milner Leeds United
35%
Jermain Defoe West Ham United
29%
Hugo Lloris Nice
24%
Jerome Boateng Hertha Berlin
18%
Jozy Altidore New York Red Bulls
11%
Shane Long Cork City
10%
No matching quizzes found
Score Distribution
Percent of People with Each Score
Percentile by Number Answered
Your Score History
You have not taken this quiz